Comparison between direct seeding mulch based cropping system and traditonal practice on soil physical and chemical province, ប្រៀបធៀបប្រព័ន្ធដាំដុះដំណាំគម្របដី និងការដាំដុះតាមទម្លាប់ទៅលើលក្ខណៈរូបសាស្រ្ត និងគីមីសាស្ត្រនៃដី (Record no. 1679)

000 -LEADER
fixed length control field 00771nam a22001577a 4500
003 - CONTROL NUMBER IDENTIFIER
control field OSt
005 - DATE AND TIME OF LATEST TRANSACTION
control field 20151002145338.0
008 - FIXED-LENGTH DATA ELEMENTS--GENERAL INFORMATION
fixed length control field 151002b xxu||||| |||| 00| 0 eng d
040 ## - CATALOGING SOURCE
Transcribing agency RUA
082 ## - DEWEY DECIMAL CLASSIFICATION NUMBER
Classification number AGR NGE 2012 B050 Or.1
100 ## - MAIN ENTRY--PERSONAL NAME
9 (RLIN) 1777
Personal name NGET, RABY
245 ## - TITLE STATEMENT
Title Comparison between direct seeding mulch based cropping system and traditonal practice on soil physical and chemical province, ប្រៀបធៀបប្រព័ន្ធដាំដុះដំណាំគម្របដី និងការដាំដុះតាមទម្លាប់ទៅលើលក្ខណៈរូបសាស្រ្ត និងគីមីសាស្ត្រនៃដី
260 ## - PUBLICATION, DISTRIBUTION, ETC. (IMPRINT)
Place of publication, distribution, etc. Phnom Penh
Name of publisher, distributor, etc. RUA
Date of publication, distribution, etc. 2012
300 ## - PHYSICAL DESCRIPTION
Extent xi; 46p.
Other physical details ill.
Dimensions 29cm.
942 ## - ADDED ENTRY ELEMENTS (KOHA)
Source of classification or shelving scheme
Koha item type AGR
Holdings
Price effective from Date last seen Permanent Location Not for loan Date acquired Source of classification or shelving scheme Koha item type Lost status Withdrawn status Total Renewals Date last checked out Total Checkouts Shelving location Damaged status Barcode Current Location Full call number
2015-10-022025-01-02Library Block B 2015-10-02 AGR  12024-12-028B050 RUA000246Library Block BAGR NGE 2012 B050 Or.2
មជ្ឈមណ្ឌលឯការនៃសាកលវិទ្យាល័យភូមិន្ទកសិកម្មចំការដូង

Powered by Koha